| 000 | 01115nam a2200241Ia 4500 | ||
|---|---|---|---|
| 999 |
_c37946 _d37946 |
||
| 001 | 3928 | ||
| 003 | GE_BSU | ||
| 005 | 20190910172924.0 | ||
| 008 | 181216s2002||||ge |||||||||||||| ||geo|| | ||
| 020 | _a99928-43-45-04 | ||
| 040 | _cGE_BSU | ||
| 041 | _ageo | ||
| 080 | _a371.1(092) მ–47 | ||
| 100 |
_aმეგრელიშვილი, ომარ _93524 |
||
| 245 |
_aმოძღვართუხუცესი : _bზურაბ კომახიძე / _cომარ მეგრელიშვილი ; რედ.: ნუგზარ მგელაძე, მხატვ. რედ. გურამ გუჯაბიძე. |
||
| 264 |
_aბათუმი : _bალიონი, _c2002 |
||
| 300 |
_a222 გვ. ; _b20 სმ. |
||
| 600 |
_aკომახიძე ზურაბ _93949 |
||
| 653 | _aქართველი პედაგოგები | ||
| 700 |
_aმგელაძე, ნუგზარ _eრედაქტორი _91897 |
||
| 700 |
_aგუჯაბიძე, გურამ _eმხატვ. რედაქტორი _92059 |
||
| 942 |
_cBK _2udc |
||